1177 1210 1986 1722 1874 1246 1841 1635 1725 1212 1921 1281 1517 1686 1264 1341 1182 1953 1870 1333 1286 1917 1043 1285 1935 1655 1162 1217 1567 1318 1155 1272 1211 1507 1900 1825 1419 1313 1293 1231 1096 1083 1823 1938 1203 1220 1915 1697 1718 1207 1043 1805 1774 1926 1716 1294 1044 1070 1678 1256 1263 1240 1970 1304 1140 1305 1544 1647 1227 1384 1730 1756 1056 1642 1835 1616 1375 1276 1794 1031 1092 1117 1447 1955 1337 1618 1017 1841 1200 1809 1381 1133 1281 1100 1991 1009 1469 1720 1892 BCNSPRNW ULIB Ver.6.0+V

เปลี่ยนเป็นภาษาไทย

Change to English
 แสดงรายละเอียดบรรณานุกรม
  กลับหน้าหลัก

Brief Record : Get Marc (ISO 2709) : E-mail record : QR code < ปิดหน้าต่าง
LEADER : 00000nam 2200000uu 4500
001    13399120307
003     ULIB
008    120918s2552||||th 000 0 tha d
060  4 ^aWK202^bศ275ก 2552
110 1  ^aกระทรวงสาธารณสุข.^bสถาบันพระบรมราชนก.^bวิทยาลัยพยาบาลบรมราชชนนี สวรรค์ประชารักษ์ นครสวรรค์.^bศูนย์ศึกษาเด็ก
245 00 ^aการพยาบาลผู้ป่วยที่มีภาวะธัยรอยด์ฮอร์โมนต่ำ/^cศูนย์ศึกษาเด็ก วิทยาลัยพยาบาลบรมราชชนนี สวรรค์ประชารักษ์ นครสวรรค์
260    ^aนครสวรรค์:^bวิทยาลัยพยาบาลบรมราชชนนี สวรรค์ประชารักษ์ นครสวรรค์,^c2552
300    ^a56 หน้า
650  7 ^aธัยรอยด์
650  7 ^aธัยรอยด์ฮอร์โมนต่ำ
945    ^p0^l0^i16122
995    ^aวิภา
999 ^a ใช้งานได้ทุกระบบ
รายการนี้ยังไม่มีแท็ก
คุณยังไม่ได้ล็อกอิน คุณสามารถมีกิจกรรมร่วมกับเว็บไซต์ได้ แต่ต้องล็อกอินก่อน ::
  ล็อกอิน

รายการสื่อสารสนเทศ

ลำดับที่ ประเภท เลขเรียก/บาร์โค้ด สถานที่ สถานะ
- ไม่พบข้อมูล -

รายการใกล้เคียง
    หัวเรื่อง [ธัยรอยด์]
    หัวเรื่อง [ธัยรอยด์ฮอร์โมนต่ำ]

BibComment


ยังไม่เคยถูกคอมเมนท์

คอมเมนท์ทรัพยากรรายการนี้
  คอมเมนท์: การพยาบาลผู้ป่วย..


 Copyright 2026. Bcnsprnw @Library